As peligroso / (Record no. 75545)

MARC details
000 -LEADER
campo de control de longitud fija 00601nam a2200217 i 4500
001 - NÚMERO DE CONTROL
campo de control 75545
003 - IDENTIFICADOR DE NÚMERO DE CONTROL
campo de control ES-MaACL
005 - FECHA Y HORA DE LA ÚLTIMA TRANSACCIÓN
campo de control 20230906172512.0
007 - CAMPO FIJO DE DESCRIPCIÓN FÍSICA--INFORMACIÓN GENERAL
campo de control de longitud fija t|
008 - DATOS DE LONGITUD FIJA--INFORMACIÓN GENERAL
campo de control de longitud fija 040924s1952 sp ||||1| spa d
100 1# - ENTRADA PRINCIPAL--NOMBRE DE PERSONA
Nombre de persona Grex, Leo.
9 (RLIN) 59965
245 10 - MENCIÓN DEL TÍTULO
Título As peligroso /
Mención de responsabilidad, etc. Leo Grex ; [traducción directa del inglés de A. Brunet].
250 ## - MENCION DE EDICION
Mención de edición [1ª ed.].
260 ## - PUBLICACIÓN, DISTRIBUCIÓN, ETC.
Lugar de publicación, distribución, etc. Barcelona :
Nombre del editor, distribuidor, etc. AHR,
Fecha de publicación, distribución, etc. [1952] (
Fabricante Simpar)
300 ## - DESCRIPCIÓN FÍSICA
Extensión 240 p. ;
Dimensiones 17 cm.
490 1# - MENCIÓN DE SERIE
Mención de serie Medianoche
700 1# - ENTRADA AGREGADA--NOMBRE PERSONAL
Nombre de persona Brunet, A.
9 (RLIN) 32155
830 0# - PUNTO DE ACCESO ADICIONAL DE SERIE-TÍTULO UNIFORME
Título uniforme Medianoche
9 (RLIN) 184001
852 ## - LOCALIZACIÓN
Ubicación ES-MaACL
Número de control de estantería D-9209
Sublocalización o colección R.33217
Holdings
Estatus retirado Estado de pérdida Estado de daño No para préstamo Biblioteca de origen Biblioteca actual Ubicación en estantería Fecha de adquisición Fuente de adquisición Total de préstamos Signatura topográfica completa Código de barras Visto por última vez Precio de reemplazo Tipo de ítem Koha
        Biblioteca del Ateneo de Madrid Biblioteca del Ateneo de Madrid Sala Valle Inclán 17/01/2008     D-9209 901079072 23/02/2023 23/02/2023 Libro impreso